[Event "ODEM U25A 2012"]
[Site "Oberhof GER"]
[Date "2012.05.29"]
[Round "4"]
[White "Hollatz, Michael"]
[Black "Martin, Raphael"]
[Result "1-0"]
[Termination "normal"]
[Board "26"]
[WhiteElo "1653"]
[BlackElo "1511"]
[PlyCount "61"]
[WhiteFideId "4622820"]
[BlackFideId "12952036"]
[EventCountry "GER"]
[EventRounds "9"]
[EventType "swiss"]
[EventDate "2012.05.26"]

1. e4 e5 2. Nf3 Nc6 3. Bc4 Bc5 4. c3 Nf6 5. d3 d6 6. b4 Bb6 7. Qb3 O-O 8. a4 a5
9. b5 Ne7 10. Nbd2 Ng6 11. O-O Nf4 12. d4 Ng6 13. dxe5 dxe5 14. Ba3 Ne7 15.
Nxe5 Qe8 16. Ndf3 Nxe4 17. Nxf7 Rxf7 18. Ne5 Nd2 19. Bxf7+ Kh8 20. Bxe8 Nxb3
21. Bxe7 Be6 22. Bh5 Nxa1 23. Rxa1 g6 24. Bf3 Rb8 25. Rd1 Bb3 26. Bd5 Rf8 27.
Bxb3 Rxf2 28. Kh1 Kg7 29. Bg5 Re2 30. Rd7+ Kh8 31. Bf6# 1-0

[Event "ODEM U25A 2012"]
[Site "Oberhof GER"]
[Date "2012.05.29"]
[Round "4"]
[White "Tobianski, Fabian"]
[Black "Wachinger, David"]
[Result "1/2-1/2"]
[Termination "normal"]
[Board "27"]
[WhiteElo "1628"]
[BlackElo "1699"]
[PlyCount "62"]
[WhiteFideId "12952001"]
[BlackFideId "24692689"]
[EventCountry "GER"]
[EventRounds "9"]
[EventType "swiss"]
[EventDate "2012.05.26"]

1. c4 Nf6 2. g3 g6 3. Bg2 Bg7 4. Nc3 c5 5. e4 Nc6 6. Nge2 d6 7. O-O O-O 8. d3
Bd7 9. h3 a6 10. Kh2 Rb8 11. f4 e6 12. g4 b5 13. cxb5 axb5 14. Ng3 b4 15. Nce2
Ne8 16. f5 Nc7 17. Nf4 Bf6 18. h4 Bxh4 19. Nh3 Nd4 20. Bh6 Re8 21. fxg6 fxg6
22. Qd2 Qe7 23. Qf2 e5 24. g5 Nce6 25. Qf6 Bxg3+ 26. Kxg3 Ne2+ 27. Kh2 N2f4 28.
Nf2 Nh5 29. Qxe7 Rxe7 30. Ng4 Nef4 31. Nf6+ Kf7 1/2-1/2

[Event "ODEM U25A 2012"]
[Site "Oberhof GER"]
[Date "2012.05.29"]
[Round "4"]
[White "Naundorf, Johannes"]
[Black "Häusler, Yannick"]
[Result "1/2-1/2"]
[Termination "normal"]
[Board "28"]
[WhiteElo "1494"]
[BlackElo "1900"]
[PlyCount "89"]
[WhiteFideId "12950009"]
[BlackFideId "12935891"]
[EventCountry "GER"]
[EventRounds "9"]
[EventType "swiss"]
[EventDate "2012.05.26"]

1. Nf3 c5 2. g3 d5 3. c4 d4 4. d3 Nc6 5. Bg2 e5 6. O-O Be7 7. Na3 Nf6 8. Nc2 h6
9. e3 dxe3 10. fxe3 O-O 11. e4 Qc7 12. Ne3 Be6 13. Nd5 Qd7 14. Bd2 Ne8 15. Bc3
f6 16. Nh4 Nd6 17. Ng6 Rfe8 18. Bf3 Rec8 19. a3 Nf7 20. g4 Ng5 21. Ngxe7+ Nxe7
22. Nxe7+ Qxe7 23. Kg2 Qd7 24. Be2 Rd8 25. Kg3 Qe8 26. Qc2 Bd7 27. Bd2 Ne6 28.
Be3 Qg6 29. Kf2 b6 30. h4 Bc6 31. h5 Qe8 32. Bf3 Nd4 33. Bxd4 Rxd4 34. b4 Rad8
35. Be2 Qe7 36. b5 Bd7 37. Kg3 Be6 38. Rfd1 Kh7 39. Qc1 Qd7 40. Rh1 Rf8 41. Rf1
Rd8 42. Qe3 Qc7 43. a4 R8d7 44. Ra3 Rf7 45. Rc3 1/2-1/2

[Event "ODEM U25A 2012"]
[Site "Oberhof GER"]
[Date "2012.05.29"]
[Round "4"]
[White "Askri, Samir"]
[Black "Salz, Matthias"]
[Result "1-0"]
[Termination "normal"]
[Board "29"]
[WhiteElo "1795"]
[BlackElo "1577"]
[PlyCount "85"]
[WhiteFideId "12924938"]
[BlackFideId "12943312"]
[EventCountry "GER"]
[EventRounds "9"]
[EventType "swiss"]
[EventDate "2012.05.26"]

1. d4 Nf6 2. c4 g6 3. Nc3 Bg7 4. e4 d6 5. Nf3 O-O 6. Be2 e5 7. O-O Nc6 8. d5
Ne7 9. Ne1 Nd7 10. Be3 f5 11. f3 f4 12. Bf2 g5 13. Rc1 Rf6 14. c5 Rh6 15. cxd6
cxd6 16. Nb5 Qe8 17. g4 fxg3 18. Bxg3 Qd8 19. Nc7 Rb8 20. Bf2 Nb6 21. a4 Bh3
22. Ng2 Qd7 23. Ne6 Bxe6 24. dxe6 Qxe6 25. a5 Qh3 26. Bg3 Nbc8 27. f4 Rg6 28.
Bg4 Qh6 29. f5 Rf6 30. Qb3+ Kh8 31. Rc7 b6 32. a6 Bf8 33. Rb7 Ra8 34. Rc1 Qg7
35. Be2 Qf7 36. Bc4 Qe8 37. Bb5 Qd8 38. Rcc7 h5 39. Ne3 Bh6 40. Nd5 Nxd5 41.
Rh7+ Kg8 42. Qxd5+ Kf8 43. Rh8# 1-0

[Event "ODEM U25A 2012"]
[Site "Oberhof GER"]
[Date "2012.05.29"]
[Round "4"]
[White "Klinge, Sabina"]
[Black "Mann, Jonas"]
[Result "1-0"]
[Termination "normal"]
[Board "30"]
[WhiteElo "1447"]
[BlackElo "1541"]
[PlyCount "73"]
[WhiteFideId "12949590"]
[BlackFideId "12900214"]
[EventCountry "GER"]
[EventRounds "9"]
[EventType "swiss"]
[EventDate "2012.05.26"]

1. e4 c5 2. Nf3 d6 3. d4 cxd4 4. Nxd4 Nf6 5. Nc3 a6 6. Be3 e5 7. Nf3 Be7 8. Bc4
O-O 9. h3 Qc7 10. Bb3 Nbd7 11. O-O Nc5 12. Nd5 Nxd5 13. Bxd5 Rb8 14. c4 b5 15.
b4 Ne6 16. Rc1 Qd7 17. cxb5 Bb7 18. bxa6 Bxa6 19. Bc4 Bb7 20. Nxe5 Qd8 21. Nxf7
Kxf7 22. Qf3+ Bf6 23. Qf5 Bc8 24. e5 dxe5 25. Rfd1 g6 26. Qf3 Qe8 27. Bc5 Bb7
28. Qb3 Rg8 29. Rd6 Bc8 30. Bxe6+ Bxe6 31. Qf3 Rd8 32. a4 Rxd6 33. Bxd6 Qa8 34.
Rc7+ Bd7 35. Qb3+ Kg7 36. Rxd7+ Kh6 37. Bc5 1-0

[Event "ODEM U25A 2012"]
[Site "Oberhof GER"]
[Date "2012.05.29"]
[Round "4"]
[White "Wodzinski, Kristin"]
[Black "Katz, Simon"]
[Result "1/2-1/2"]
[Termination "normal"]
[Board "31"]
[WhiteElo "1692"]
[BlackElo "1433"]
[PlyCount "105"]
[WhiteFideId "12923141"]
[BlackFideId "12901296"]
[EventCountry "GER"]
[EventRounds "9"]
[EventType "swiss"]
[EventDate "2012.05.26"]

1. d4 d5 2. Nf3 e6 3. c4 Nf6 4. Bg5 Be7 5. Nc3 O-O 6. e3 h6 7. Bf4 Bd6 8. Bxd6
Qxd6 9. Rc1 dxc4 10. Bxc4 Qb4 11. Bb3 b6 12. O-O Ba6 13. Re1 Nbd7 14. Qc2 Rac8
15. a3 Qd6 16. e4 e5 17. Red1 Qe7 18. dxe5 Nxe5 19. Nd4 Ng6 20. Nc6 Qc5 21. Bd5
Nxd5 22. exd5 Ne7 23. Qa4 Nxc6 24. dxc6 Qa5 25. Qxa5 bxa5 26. Rd5 Ra8 27. Rxa5
Bd3 28. Re1 Rfe8 29. Rae5 Rxe5 30. Rxe5 Rb8 31. b4 Rb6 32. Rc5 Ra6 33. a4 Rb6
34. b5 a6 35. h3 axb5 36. axb5 Kf8 37. Rd5 Bc4 38. Rd7 Bxb5 39. Nxb5 Rxb5 40.
Rxc7 Rc5 41. g4 g5 42. Kg2 Rc3 43. f3 Kg7 44. Rc8 Kf6 45. c7 Kg7 46. Kg3 Rc4
47. Kf2 Rc3 48. Ke2 Rc1 49. Kd2 Rc4 50. Kd3 Rc1 51. Ke4 Re1+ 52. Kf5 Rc1 53.
Ke4 1/2-1/2

[Event "ODEM U25A 2012"]
[Site "Oberhof GER"]
[Date "2012.05.29"]
[Round "5"]
[White "Zimmermann, Christian"]
[Black "Ott, Florian"]
[Result "1/2-1/2"]
[Termination "normal"]
[Board "1"]
[WhiteElo "1878"]
[BlackElo "1976"]
[PlyCount "62"]
[WhiteFideId "24692069"]
[BlackFideId "12900281"]
[EventCountry "GER"]
[EventRounds "9"]
[EventType "swiss"]
[EventDate "2012.05.26"]

1. e4 c5 2. Nf3 d6 3. d4 cxd4 4. Nxd4 Nf6 5. Nc3 a6 6. Bc4 e6 7. Bb3 Nbd7 8.
Bg5 Nc5 9. Qe2 Be7 10. Bxf6 Bxf6 11. O-O-O O-O 12. f4 Qc7 13. g4 b5 14. Kb1 Bb7
15. g5 Be7 16. a3 Nxb3 17. cxb3 Rfe8 18. f5 Bxg5 19. Rhg1 Bf6 20. Qh5 Qe7 21.
Rg3 Kh8 22. Rh3 h6 23. Rg1 Kh7 24. Nxe6 fxe6 25. Qg6+ Kg8 26. Qxh6 exf5 27.
Qh7+ Kf7 28. Qg6+ Ke6 29. Qxf5+ Kf7 30. Qg6+ Kg8 31. Qh7+ Kf7 1/2-1/2

[Event "ODEM U25A 2012"]
[Site "Oberhof GER"]
[Date "2012.05.29"]
[Round "5"]
[White "Nötzel, Felix"]
[Black "Carow, Annelen"]
[Result "0-1"]
[Termination "normal"]
[Board "2"]
[WhiteElo "2106"]
[BlackElo "1957"]
[PlyCount "106"]
[WhiteFideId "24637416"]
[BlackFideId "24692492"]
[EventCountry "GER"]
[EventRounds "9"]
[EventType "swiss"]
[EventDate "2012.05.26"]

1. e4 c5 2. Nf3 e6 3. d4 cxd4 4. Nxd4 a6 5. Nc3 Qc7 6. Be3 Bb4 7. Qd2 Nf6 8. f3
d5 9. exd5 Nxd5 10. Nde2 Nxe3 11. Qxe3 O-O 12. O-O-O b5 13. h4 Bb7 14. h5 Bc5
15. Qg5 h6 16. Qg3 Qa5 17. Kb1 b4 18. Ne4 Be7 19. Nc1 Bd5 20. Bd3 Qb6 21. Qf2
Qxf2 22. Nxf2 Ra7 23. Be4 Bc4 24. Bd3 Rc8 25. Bxc4 Rxc4 26. Ng4 a5 27. Ne5 Rc8
28. f4 Rac7 29. Rd2 a4 30. Rhd1 Bf6 31. Ncd3 Na6 32. Re1 Rb7 33. Re4 Be7 34.
Rd4 Kf8 35. Rd7 Rcc7 36. Rxc7 Rxc7 37. g4 Ke8 38. Kc1 Rc8 39. Kd1 Nc7 40. Ke2
Nd5 41. Kf3 Bd8 42. f5 Bg5 43. Re2 f6 44. Ng6 e5 45. Re4 a3 46. bxa3 bxa3 47.
c4 Nc3 48. c5 Nxe4 49. Kxe4 Rd8 50. Nf2 Rd4+ 51. Kf3 Rd2 52. Ne4 Rxa2 53. c6
Rc2 0-1

[Event "ODEM U25A 2012"]
[Site "Oberhof GER"]
[Date "2012.05.29"]
[Round "5"]
[White "Figura, Atila Gajo"]
[Black "Giraud, Valerian"]
[Result "1/2-1/2"]
[Termination "normal"]
[Board "3"]
[WhiteTitle "FM"]
[WhiteElo "2351"]
[BlackElo "1914"]
[PlyCount "98"]
[WhiteFideId "4688058"]
[BlackFideId "12920355"]
[EventCountry "GER"]
[EventRounds "9"]
[EventType "swiss"]
[EventDate "2012.05.26"]

1. d4 Nf6 2. c4 g6 3. Nc3 Bg7 4. e4 d6 5. Nf3 O-O 6. Be2 e5 7. Be3 Nc6 8. d5
Ne7 9. Nd2 c5 10. dxc6 bxc6 11. O-O Be6 12. Qa4 c5 13. Nd5 Nd7 14. Bg5 f6 15.
Bh4 Nb6 16. Nxe7+ Qxe7 17. Qc2 Qf7 18. Rad1 Nc8 19. Bg3 Ne7 20. f4 Nc6 21. f5
Bd7 22. h4 Nd4 23. Qd3 Rab8 24. b3 Bc6 25. fxg6 Qxg6 26. Kh2 Bh6 27. Bf3 Kh8
28. Rfe1 Rg8 29. Nf1 Rb7 30. Bf2 Rbg7 31. Bxd4 Bf4+ 32. Kg1 cxd4 33. Re2 Qh6
34. h5 Be8 35. Rb1 Bxh5 36. Bxh5 Qxh5 37. b4 Qg4 38. Rbb2 h5 39. c5 dxc5 40.
bxc5 Rc7 41. Qa6 Qg5 42. Qd6 Rgc8 43. Rbc2 f5 44. exf5 Qxf5 45. Rc4 Qf7 46.
Rxe5 Bxe5 47. Qxe5+ Kh7 48. Qxd4 Rf8 49. Ng3 Qg6 1/2-1/2

[Event "ODEM U25A 2012"]
[Site "Oberhof GER"]
[Date "2012.05.29"]
[Round "5"]
[White "Feldheim, Jonas"]
[Black "Humburg, Philipp"]
[Result "1-0"]
[Termination "normal"]
[Board "4"]
[WhiteElo "2005"]
[BlackElo "1840"]
[PlyCount "109"]
[WhiteFideId "24697583"]
[BlackFideId "24656151"]
[EventCountry "GER"]
[EventRounds "9"]
[EventType "swiss"]
[EventDate "2012.05.26"]

1. e4 c5 2. Nc3 Nc6 3. Bb5 g6 4. Bxc6 dxc6 5. d3 Bg7 6. Be3 b6 7. Qd2 e5 8.
Nge2 Nf6 9. Bh6 Bxh6 10. Qxh6 Qe7 11. h3 Ba6 12. b3 O-O-O 13. O-O Ne8 14. f4
Nd6 15. fxe5 Qxe5 16. Qf4 Rhe8 17. Qxe5 Rxe5 18. Rf6 Kc7 19. Raf1 Bc8 20. Nd1
Rde8 21. Nf4 Kd7 22. g4 Ke7 23. Ng2 Bd7 24. Nde3 b5 25. c4 Nf5 26. Nxf5+ Kxf6
27. Nd6+ Ke7 28. Nxe8 Kxe8 29. Ne3 h5 30. Kg2 Ke7 31. cxb5 cxb5 32. Nd5+ Kf8
33. Kg3 hxg4 34. hxg4 g5 35. Rc1 c4 36. bxc4 bxc4 37. Rxc4 Re6 38. Rc3 Rd6 39.
Ra3 Be6 40. Ne3 a6 41. Nf5 Rb6 42. Kf3 f6 43. Ke3 Kf7 44. Kd4 Bxf5 45. gxf5 Rb2
46. Ke3 Rh2 47. Kf3 Rh3+ 48. Kg4 Re3 49. Rxa6 Rxd3 50. Ra7+ Kf8 51. e5 Rd4+ 52.
Kh5 g4 53. Kg6 fxe5 54. f6 Rd8 55. Rh7 1-0

[Event "ODEM U25A 2012"]
[Site "Oberhof GER"]
[Date "2012.05.29"]
[Round "5"]
[White "Baier, Christoph"]
[Black "Pererva, Viktor"]
[Result "1/2-1/2"]
[Termination "normal"]
[Board "5"]
[WhiteElo "1927"]
[BlackElo "1967"]
[PlyCount "49"]
[WhiteFideId "24655759"]
[BlackFideId "24696463"]
[EventCountry "GER"]
[EventRounds "9"]
[EventType "swiss"]
[EventDate "2012.05.26"]

1. d4 d5 2. c4 c6 3. Nf3 Nf6 4. Nc3 dxc4 5. a4 Bf5 6. e3 Nbd7 7. Bxc4 e6 8. O-O
Bb4 9. Qb3 Qb6 10. Bd2 O-O 11. Ne2 Be7 12. Ng3 Bg6 13. Rac1 Qxb3 14. Bxb3 Rac8
15. Bc2 c5 16. Bxg6 hxg6 17. e4 Rfd8 18. Ba5 b6 19. Bc3 cxd4 20. Bxd4 Nc5 21.
Bxc5 Rxc5 22. h3 Rdc8 23. Rxc5 Rxc5 24. Rd1 Rc2 25. Rd2 1/2-1/2

[Event "ODEM U25A 2012"]
[Site "Oberhof GER"]
[Date "2012.05.29"]
[Round "5"]
[White "Münch, Robert"]
[Black "Schirra, Felix"]
[Result "1-0"]
[Termination "normal"]
[Board "6"]
[WhiteElo "1953"]
[BlackElo "1636"]
[PlyCount "147"]
[WhiteFideId "4626028"]
[BlackFideId "24692662"]
[EventCountry "GER"]
[EventRounds "9"]
[EventType "swiss"]
[EventDate "2012.05.26"]

1. d4 Nf6 2. Bg5 Ne4 3. Bf4 c5 4. f3 Qa5+ 5. c3 Nf6 6. d5 d6 7. e4 b5 8. Nd2 g6
9. a4 bxa4 10. Qxa4+ Qxa4 11. Rxa4 Bg7 12. Nc4 Nbd7 13. Bd3 O-O 14. Ne2 Nh5 15.
Be3 Ne5 16. Nxe5 Bxe5 17. O-O Bd7 18. Ra2 Rfb8 19. Rfa1 Rb7 20. g4 Nf6 21. h3
Ne8 22. Bg5 Kf8 23. Bh6+ Bg7 24. Bxg7+ Kxg7 25. Ng3 Nc7 26. Nf1 Bb5 27. Bxb5
Nxb5 28. Ne3 g5 29. Nc4 Kf6 30. Kf2 h6 31. Ra6 Rab8 32. Ke3 Kg7 33. Kd3 f6 34.
Na5 Rb6 35. Nc6 Rxa6 36. Rxa6 Rb7 37. c4 Nd4 38. Nxd4 cxd4 39. Kxd4 Rxb2 40.
Rxa7 Kf7 41. c5 dxc5+ 42. Kxc5 Rd2 43. Kc6 Ke8 44. Ra8+ Kf7 45. Kd7 Rb2 46. Ra7
Rb6 47. Kd8 Rb8+ 48. Kc7 Rb3 49. Kc8 Ke8 50. Kc7 Kf7 51. Kc6 Rd3 52. Rc7 Ke8
53. Rc8+ Kf7 54. Rh8 Rxf3 55. Kd7 Ra3 56. Rh7+ Kf8 57. Ke6 Re3 58. Kf5 Rxh3 59.
Ke6 Re3 60. Rf7+ Kg8 61. Rxe7 Rxe4+ 62. Kxf6 Rxg4 63. Re8+ Kh7 64. d6 Rf4+ 65.
Ke5 Rf7 66. Ke6 Rf1 67. d7 Rd1 68. d8=Q Rxd8 69. Rxd8 Kg6 70. Rg8+ Kh7 71. Kf7
h5 72. Rxg5 Kh6 73. Kf6 h4 74. Rg8 1-0

[Event "ODEM U25A 2012"]
[Site "Oberhof GER"]
[Date "2012.05.29"]
[Round "5"]
[White "Wurm, Alexander"]
[Black "Valet, Alexander"]
[Result "1-0"]
[Termination "normal"]
[Board "7"]
[WhiteElo "2059"]
[BlackElo "1910"]
[PlyCount "25"]
[WhiteFideId "24637246"]
[BlackFideId "24682560"]
[EventCountry "GER"]
[EventRounds "9"]
[EventType "swiss"]
[EventDate "2012.05.26"]

1. d4 Nf6 2. c4 e6 3. Nf3 b6 4. g3 Bb7 5. Bg2 Bb4+ 6. Bd2 Bxd2+ 7. Nbxd2 O-O 8.
Qc2 Qe7 9. O-O c5 10. e4 d6 11. e5 dxe5 12. dxe5 Nfd7 13. Ng5 1-0

[Event "ODEM U25A 2012"]
[Site "Oberhof GER"]
[Date "2012.05.29"]
[Round "5"]
[White "Kieslich, Aaron"]
[Black "Kast, Joannis"]
[Result "1-0"]
[Termination "normal"]
[Board "8"]
[WhiteElo "1979"]
[BlackElo "1758"]
[PlyCount "59"]
[WhiteFideId "1270391"]
[BlackFideId "24698776"]
[EventCountry "GER"]
[EventRounds "9"]
[EventType "swiss"]
[EventDate "2012.05.26"]

1. d4 d5 2. c4 e6 3. Nc3 c5 4. cxd5 cxd4 5. Qa4+ Bd7 6. Qxd4 exd5 7. Qxd5 Nc6
8. Nf3 Nf6 9. Qd1 Bc5 10. e3 Qe7 11. Be2 O-O-O 12. Qc2 g5 13. O-O h5 14. Nd4
Kb8 15. Rd1 Rdg8 16. a3 g4 17. b4 Bd6 18. Bb5 Qe5 19. g3 h4 20. Bxc6 bxc6 21.
e4 hxg3 22. fxg3 Nh5 23. Nce2 Rh7 24. Nxc6+ Bxc6 25. Qxc6 Bc7 26. Ra2 Rgh8 27.
Rd5 Qe7 28. Rd7 Qe5 29. Bb2 Bb6+ 30. Bd4 1-0

[Event "ODEM U25A 2012"]
[Site "Oberhof GER"]
[Date "2012.05.29"]
[Round "5"]
[White "Ospina Ocampo, Camilo"]
[Black "Adelhütte, Dennis"]
[Result "0-1"]
[Termination "normal"]
[Board "9"]
[WhiteElo "1972"]
[BlackElo "1982"]
[PlyCount "70"]
[WhiteFideId "12907030"]
[BlackFideId "4661265"]
[EventCountry "GER"]
[EventRounds "9"]
[EventType "swiss"]
[EventDate "2012.05.26"]

1. e4 e6 2. d4 d5 3. Nc3 Nf6 4. e5 Nfd7 5. f4 c5 6. Nf3 Nc6 7. Be3 Qb6 8. Na4
Qa5+ 9. c3 cxd4 10. b4 Nxb4 11. cxb4 Bxb4+ 12. Bd2 Bxd2+ 13. Nxd2 O-O 14. Bd3
b5 15. Nb2 Nb6 16. O-O Nc4 17. Nb3 Qa3 18. Nxc4 bxc4 19. Bxh7+ Kxh7 20. Nxd4
Qd3 21. Qh5+ Kg8 22. Rad1 Qg6 23. Qh4 Bd7 24. Rf3 Qh6 25. Qf2 Rab8 26. Rh3 Qg6
27. Qh4 f6 28. Rg3 Qh7 29. Qg4 Kf7 30. exf6 gxf6 31. Rh3 Qg6 32. Qf3 Rb1 33.
Rg3 Qe4 34. Qh5+ Ke7 35. h3 Qxd4+ 0-1

[Event "ODEM U25A 2012"]
[Site "Oberhof GER"]
[Date "2012.05.29"]
[Round "5"]
[White "Lansky, Georg"]
[Black "Linnemann, Niklas"]
[Result "0-1"]
[Termination "normal"]
[Board "10"]
[WhiteElo "1792"]
[BlackElo "1932"]
[PlyCount "94"]
[WhiteFideId "1270625"]
[BlackFideId "24695645"]
[EventCountry "GER"]
[EventRounds "9"]
[EventType "swiss"]
[EventDate "2012.05.26"]

1. e4 c5 2. Nf3 e6 3. d4 cxd4 4. Nxd4 a6 5. Nc3 Qc7 6. Be2 Nf6 7. O-O Be7 8. a4
O-O 9. Be3 Nc6 10. Nb3 d6 11. a5 Bd7 12. Bb6 Qc8 13. f4 Nb4 14. Rc1 e5 15. f5
Bc6 16. Bf3 Qd7 17. Qd2 d5 18. exd5 Nbxd5 19. Bxd5 Bxd5 20. Rcd1 Bc6 21. Qe3
Bd6 22. Rxd6 Qxd6 23. Bc5 Qc7 24. Bxf8 Rxf8 25. Rd1 Bd7 26. Qf3 Rd8 27. g4 Bc6
28. Rxd8+ Qxd8 29. Qe2 Qd6 30. g5 Nd5 31. Ne4 Qd7 32. f6 Nf4 33. Qf3 Nh3+ 34.
Kg2 Nxg5 35. Nbc5 Bxe4 36. Nxd7 Bxf3+ 37. Kf2 Bc6 38. Nxe5 Ne4+ 39. Ke3 Nxf6
40. c4 Nd7 41. Nd3 f5 42. h4 Kf7 43. Kf4 Kf6 44. b4 g6 45. Nc1 Ne5 46. c5 h6
47. Nb3 Nd3+ 0-1

[Event "ODEM U25A 2012"]
[Site "Oberhof GER"]
[Date "2012.05.29"]
[Round "5"]
[White "Grötzbach, Daniel"]
[Black "Torzinski, Nils"]
[Result "1/2-1/2"]
[Termination "normal"]
[Board "11"]
[WhiteElo "1896"]
[BlackElo "1778"]
[PlyCount "42"]
[WhiteFideId "24692166"]
[BlackFideId "24695840"]
[EventCountry "GER"]
[EventRounds "9"]
[EventType "swiss"]
[EventDate "2012.05.26"]

1. e4 e5 2. Nf3 Nc6 3. Bb5 a6 4. Ba4 Nf6 5. O-O b5 6. Bb3 Be7 7. Re1 d6 8. c3
O-O 9. h3 Nb8 10. d4 Nbd7 11. Nbd2 Bb7 12. Bc2 c5 13. Nf1 Re8 14. d5 Bf8 15.
Ng3 g6 16. Nh2 Bg7 17. Be3 Nb6 18. Qc1 Nc4 19. Bg5 Qc7 20. b3 Nb6 21. Re3 h6
1/2-1/2

[Event "ODEM U25A 2012"]
[Site "Oberhof GER"]
[Date "2012.05.29"]
[Round "5"]
[White "Diller, Daniel"]
[Black "Celmer, Ole"]
[Result "1-0"]
[Termination "normal"]
[Board "12"]
[WhiteElo "1809"]
[BlackElo "1834"]
[PlyCount "111"]
[WhiteFideId "12908983"]
[BlackFideId "24657107"]
[EventCountry "GER"]
[EventRounds "9"]
[EventType "swiss"]
[EventDate "2012.05.26"]

1. c4 c5 2. g3 g6 3. Bg2 Bg7 4. Nc3 Nc6 5. Nf3 e6 6. d3 Nge7 7. Bg5 h6 8. Bd2
d5 9. Rb1 O-O 10. Qc1 Kh7 11. a3 b6 12. b4 cxb4 13. axb4 dxc4 14. dxc4 Bb7 15.
O-O Rc8 16. Rd1 Qc7 17. Nb5 Qb8 18. Nd6 Rcd8 19. Nxb7 Qxb7 20. b5 Qc7 21. bxc6
Nxc6 22. c5 Rb8 23. cxb6 axb6 24. Ng5+ hxg5 25. Qxc6 Qxc6 26. Bxc6 Rfc8 27.
Rdc1 g4 28. Bf4 e5 29. Be3 Bh6 30. Bxh6 Kxh6 31. Bd7 Rxc1+ 32. Rxc1 f5 33. Rb1
Kg5 34. f3 gxf3 35. exf3 Kf6 36. Kg2 Ke7 37. Bb5 Rc8 38. Ba4 Rb8 39. Rb5 Kf6
40. Rd5 e4 41. fxe4 fxe4 42. Bc2 b5 43. Bxe4 b4 44. Bb1 Rb6 45. h4 b3 46. Rg5
Kf7 47. Rd5 Kf6 48. g4 Kf7 49. Rd7+ Kf8 50. Kg3 b2 51. Kf4 Rb4+ 52. Kg5 Rb6 53.
Kh6 Kg8 54. Rg7+ Kh8 55. Rxg6 Rb4 56. Ba2 1-0

[Event "ODEM U25A 2012"]
[Site "Oberhof GER"]
[Date "2012.05.29"]
[Round "5"]
[White "Peters, Tom"]
[Black "Höpfner, Tim"]
[Result "0-1"]
[Termination "normal"]
[Board "13"]
[WhiteElo "1786"]
[BlackElo "1942"]
[PlyCount "58"]
[WhiteFideId "24694444"]
[BlackFideId "4638310"]
[EventCountry "GER"]
[EventRounds "9"]
[EventType "swiss"]
[EventDate "2012.05.26"]

1. e4 c5 2. Nf3 d6 3. d4 cxd4 4. Nxd4 Nf6 5. Nc3 a6 6. Be3 e5 7. Nb3 Be6 8. f3
Be7 9. Qd2 Nbd7 10. g4 b5 11. g5 Nh5 12. Nd5 Bxd5 13. exd5 Nf4 14. Bxf4 exf4
15. Qxf4 Bxg5 16. Qe4+ Qe7 17. Nd4 Nf6 18. Qxe7+ Kxe7 19. h4 Bf4 20. Ne2 Be5
21. O-O-O Nd7 22. Bh3 Nb6 23. Rhe1 Rhe8 24. h5 Kf8 25. Bf5 Nc4 26. Nd4 Bxd4 27.
Rxe8+ Rxe8 28. Rxd4 Re1+ 29. Rd1 Rxd1+ 0-1

[Event "ODEM U25A 2012"]
[Site "Oberhof GER"]
[Date "2012.05.29"]
[Round "5"]
[White "Peters, Florian"]
[Black "Mann, Johannes"]
[Result "0-1"]
[Termination "normal"]
[Board "14"]
[WhiteElo "1537"]
[BlackElo "1859"]
[PlyCount "74"]
[WhiteFideId "12952028"]
[BlackFideId "24691380"]
[EventCountry "GER"]
[EventRounds "9"]
[EventType "swiss"]
[EventDate "2012.05.26"]

1. d4 Nf6 2. f3 d5 3. e4 dxe4 4. Nc3 Bf5 5. fxe4 Nxe4 6. Qf3 Nd6 7. Bf4 Qc8 8.
Bxd6 cxd6 9. Bb5+ Bd7 10. Nge2 Bxb5 11. Nxb5 Nd7 12. O-O Nf6 13. Rae1 Qd7 14.
Nec3 a6 15. Na3 d5 16. Ne2 e6 17. Qg3 Ne4 18. Qg4 h5 19. Qh3 Bd6 20. Nf4 Bxf4
21. Rxf4 g5 22. Rff1 f5 23. Qd3 Rd8 24. Rd1 b5 25. Nb1 O-O 26. Nd2 Rf7 27. Nxe4
dxe4 28. Qe3 Rg7 29. Qa3 Qd6 30. Qb3 Qd5 31. Qa3 Rd6 32. b3 Rc6 33. Qc1 f4 34.
Rf2 e3 35. Rf3 Qe4 36. c4 g4 37. Rff1 e2 0-1

[Event "ODEM U25A 2012"]
[Site "Oberhof GER"]
[Date "2012.05.29"]
[Round "5"]
[White "Reimers, Juri"]
[Black "Hoffmann, Tim"]
[Result "1/2-1/2"]
[Termination "normal"]
[Board "15"]
[WhiteElo "1729"]
[BlackElo "1945"]
[PlyCount "67"]
[WhiteFideId "24661511"]
[BlackFideId "12900338"]
[EventCountry "GER"]
[EventRounds "9"]
[EventType "swiss"]
[EventDate "2012.05.26"]

1. c4 c5 2. g3 Nc6 3. Bg2 g6 4. Nc3 Bg7 5. d3 e6 6. e4 Nge7 7. Nge2 a6 8. O-O
O-O 9. f4 d6 10. Rb1 Rb8 11. Qe1 b5 12. b3 Qc7 13. Bb2 Nd4 14. Nd1 Nec6 15. Ne3
Nxe2+ 16. Qxe2 Nd4 17. Qd2 a5 18. g4 f5 19. gxf5 exf5 20. Nd5 Qd8 21. Kh1 Be6
22. Ne3 b4 23. Rbe1 Qh4 24. Qf2 Qxf2 25. Rxf2 Rbe8 26. Ba1 Re7 27. Bf3 Rfe8 28.
Bxd4 Bxd4 29. Rfe2 Bc3 30. Rd1 Bf7 31. Rg2 Kh8 32. Re2 Bg7 33. Rde1 Bc3 34. Rd1
1/2-1/2

[Event "ODEM U25A 2012"]
[Site "Oberhof GER"]
[Date "2012.05.29"]
[Round "5"]
[White "Berger, Manuel"]
[Black "Theurich, Joel"]
[Result "1/2-1/2"]
[Termination "normal"]
[Board "16"]
[WhiteElo "1888"]
[BlackElo "1792"]
[PlyCount "55"]
[WhiteFideId "24692506"]
[BlackFideId "12930393"]
[EventCountry "GER"]
[EventRounds "9"]
[EventType "swiss"]
[EventDate "2012.05.26"]

1. e4 e5 2. Nf3 Nc6 3. Bc4 Bc5 4. d3 d6 5. Ng5 Nh6 6. O-O Na5 7. Bb3 Nxb3 8.
axb3 Ng4 9. h3 Nf6 10. Kh1 h6 11. Nf3 O-O 12. Nh2 d5 13. exd5 Nxd5 14. Nd2 Bd6
15. Nc4 Re8 16. Re1 Nf6 17. Bd2 e4 18. d4 Bxh2 19. Kxh2 Qxd4 20. Be3 Qxd1 21.
Rexd1 Be6 22. Rd4 a6 23. Rad1 Bxc4 24. Rxc4 Rac8 25. Rcd4 g5 26. R1d2 Kg7 27.
Rd1 Kg6 28. R1d2 1/2-1/2

[Event "ODEM U25A 2012"]
[Site "Oberhof GER"]
[Date "2012.05.29"]
[Round "5"]
[White "Hartmann, Jakob"]
[Black "Holle, Cedric"]
[Result "0-1"]
[Termination "normal"]
[Board "17"]
[WhiteElo "1710"]
[BlackElo "1840"]
[PlyCount "84"]
[WhiteFideId "12918067"]
[BlackFideId "24692158"]
[EventCountry "GER"]
[EventRounds "9"]
[EventType "swiss"]
[EventDate "2012.05.26"]

1. e4 e6 2. Qe2 Ne7 3. Nc3 d5 4. exd5 exd5 5. d4 Bf5 6. Nf3 c6 7. g3 Nd7 8. Bf4
Nf6 9. Bg2 Be6 10. O-O-O Ng6 11. Bh3 Be7 12. Bxe6 fxe6 13. Qxe6 Nxf4 14. gxf4
Qd7 15. Ng5 Qxe6 16. Nxe6 g6 17. Nc7+ Kd7 18. Nxa8 Rxa8 19. f3 Nh5 20. Ne2 Re8
21. Rde1 Bh4 22. Ng3 Rxe1+ 23. Rxe1 Nxg3 24. hxg3 Bxg3 25. Rh1 Bxf4+ 26. Kd1 h5
27. Ke2 Ke6 28. a4 Kf5 29. b3 Bg3 30. c4 h4 31. c5 Kf4 32. b4 a6 33. Rh3 Kg5
34. Rh1 Kf4 35. Rh3 g5 36. Rh1 g4 37. fxg4 Kxg4 38. Ke3 h3 39. Rf1 h2 40. Rh1
Bc7 41. a5 Kg3 42. Rf1 Kg2 0-1